000 00734nam a2200265Ia 4500
999 _c54349
_d54349
001 21405
003 GE_BSU
005 20211110170653.0
008 181216s ||||enk|||||||||||||| ||eng||
020 _a9780486652276
040 _cGE_BSU
080 _a530.1 J-79
100 _aJoos, Georg
_912898
245 _aTheoretical Physics /
_cGeorg Joos, Ira M. Freeman.
250 _aThird Edition
264 _aNew York :
_bDover Publications, INC,
_c1986.
300 _a885 p. ;
_c22 cm.
500 _aBibl. p. : 868-873 ; Index. p. : 875-885
541 _h40 Gel.
653 _aTheoretical Physics
653 _aФизика
653 _aფიზიკა
700 _aFreeman, Ira M.
_eAuthor
_912899
942 _cBK
_2udc